000 00392nam a2200133Ia 4500
008 230917s9999||||xx |||||||||||||| ||und||
040 _e49232
_aMAIN
041 _aEnglish
082 _a954.03 H629H
245 0 _aHistory of the freedom movement. V3, part i: 1831- 1905. V3, part ii:1906- 1936
260 _aDelhi
_bRenaissance Publications
_c1984
300 _a301 p. ; 302- 553
942 _cBK
999 _c45441
_d45441